logo

Bir Sreshtho Munshi Abdur Rouf Library
Jhenaidah Cadet College

চল্লিশের দশকের ঢাকা / (Record no. 1729)

MARC details
000 -LEADER
fixed length control field 00769nam a2200217 a 4500
003 - CONTROL NUMBER IDENTIFIER
JCCL marc code BD-JhCC
005 - DATE AND TIME OF LATEST TRANSACTION
control field 20171023195142.0
008 - FIXED-LENGTH DATA ELEMENTS--GENERAL INFORMATION
fixed length control field 171023s1994 bg ||||| |||| 00| 0 ben d
020 ## - INTERNATIONAL STANDARD BOOK NUMBER
International Standard Book Number 9844650348
035 ## - SYSTEM CONTROL NUMBER
system control number (BD-JhCC)
040 ## - CATALOGING SOURCE
Original cataloging agency BD-JhCC
Modifying agency BD-JhCC
041 ## - LANGUAGE CODE
Language code of Book ben
082 ## - DEWEY DECIMAL CLASSIFICATION NUMBER
Classification number 95.92
Author mark and Year SAN 1994
100 ## - MAIN ENTRY--PERSONAL NAME
Personal name গুপ্ত, কিরণশঙ্কর সেন
245 ## - TITLE STATEMENT
Title চল্লিশের দশকের ঢাকা /
Remainder of title কিরণশঙ্কর সেনগুপ্ত
Statement of responsibility, etc সরদার ফজলুল করিম
300 ## - PHYSICAL DESCRIPTION
Pagination 188 P. :
Dimensions 21 cm.
650 ## - SUBJECT ADDED ENTRY--TOPICAL TERM
Topical term or geographic name as entry element Dhaka, Bangladesh
700 ## - ADDED ENTRY--PERSONAL NAME
Personal name গুপ্ত, কিরণশঙ্কর সেন
Fuller form of name করিম, সরদার ফজলুল
942 ## - ADDED ENTRY ELEMENTS (KOHA)
Source of classification or shelving scheme Dewey Decimal Classification
Koha item type Books

No items available.


JCC Library | Contacts | JCC Home

Last Update on 23 September 2017
Copyright @ 2017-2020 JCC Rouf Library
Rouf Library, Jhenidah Cadet College (JCC), Bangladesh